Microsoft office 2007 Beta 2

Saved in:
Bibliographic Details
Corporate Authors: Δημοσιογραφικός Οργανισμός Λαμπράκη, RAM
Format: Video DVD
Language:Greek
Published: Αθήνα : Δημοσιογραφικός Οργανισμός Λαμπράκη, 2006
Subjects:
Tags: Add Tag
No Tags, Be the first to tag this record!

MARC

LEADER 00000cgm a2200000 i 4500
001 1/46211
007 vd cg i
008 070614s2006 gr
035 |l 10088316 
040 |a GR-MY-UA  |b gre  |e aacr 
041 0 |a gre 
082 0 |a 005.369 
245 1 0 |a Microsoft office 2007  |h [μαγνητοσκόπηση] :  |b Beta 2 /  |c Ram 
260 |a Αθήνα :   |b Δημοσιογραφικός Οργανισμός Λαμπράκη,   |c 2006 
300 |a 1 βιντεοδίσκος ;  |b βουβή, έγχρ.;  |c 4 3/4 ίν. 
500 |a Διανέμεται με το περιοδικό Ram, τεύχος 204, Ιούλιος-Αύγουστος 2006 
500 |a Εγκαταστήστε την δοκιμαστική έκδοση του νέου Office 2007 
505 0 |a Demos, Demos Rush for Berlin, DarthMod 7.5, Final Fantasy XIII, Rogue Trooper, Google Toolkit, Market Ram, Προγράμματα Mac, PhotoLab 
630 0 0 |a Microsoft Office. 
630 0 0 |a Microsoft Word. 
630 0 0 |a Microsoft Excel (Computer file) 
650 0 0 |a Image processing. 
650 0 0 |a Computer programs. 
710 2 |a Δημοσιογραφικός Οργανισμός Λαμπράκη. 
710 2 |a RAM. 
852 |a INST  |b CHIOS  |c AV  |e 20070614  |h 005.369 MIC  |p 005200023371  |q 005200023371  |t DVD  |y 23 
901 |a BIBL2-2007-2 
909 |a Χ  |b 131080 
970 |a ΧΑΖΙΡΗ  |b ΑΝΝΑ  |z 2007/07/14